| 000 | 01138nam a2200325 i 4500 | ||
|---|---|---|---|
| 003 | OSt | ||
| 005 | 20260614164346.0 | ||
| 008 | 260614t20242024my o gr o001 0bmay d | ||
| 020 |
_a9786294911093 _cRM40.00 _qpaperback |
||
| 040 |
_aPPAK _beng _cPPAK _erda |
||
| 082 | 0 | 3 |
_223 _a923.2595 |
| 090 | 0 | 0 |
_a923.2595 _bROH _dG |
| 090 | 2 | 0 |
_a923.2595 _bROH _dKK |
| 100 | 0 |
_aRohani Ab. Ghani, _eauthor. |
|
| 245 | 1 | 0 |
_aBIOGRAFI AFFIFUDIN HAJI OMAR 1943-2018 / _cROHANI HAJI AB GHANI, CHE SU MUSTAFFA |
| 264 | 1 |
_aSintok, Kedah : _bPENERBIT UNIVERSITI UTARA MALAYSIA, _c2024 |
|
| 264 | 4 | _c©2024 | |
| 300 |
_axiv, 150 pages : _bphotographs ; _c23 cm |
||
| 336 |
_atext _2rdacontent |
||
| 337 |
_aunmediated _2rdamedia |
||
| 338 |
_avolume _2rdacarrier |
||
| 500 | _aIncludes index. | ||
| 504 | _aBibliography: [139] - 143. | ||
| 600 | 0 | 4 |
_aAffifudin Haji Omar, _cDato' Wira, Dr., _d1943-2018 |
| 650 | 1 | 0 |
_aPoliticians _zMalaysia _vBiography |
| 650 | 2 | 0 |
_aGovernment publications _zMalaysia |
| 651 | 0 |
_aMalaysia _xPolitics and government |
|
| 700 | 0 |
_aChe Su Mustaffa, _eauthor. |
|
| 942 |
_2ddc _cB |
||
| 999 |
_c204637 _d204637 |
||